[Event "Colonia de Sant Jordi op 2nd"]
[Site "Colonia de Sant Jordi"]
[Date "2023.06.12"]
[Round "3"]
[White "Cerdo Fernandez, Miguel"]
[Black "Mach, Jan"]
[Result "1-0"]
[WhiteElo "1777"]
[BlackElo "1868"]
[PlyCount "92"]
[EventDate "2023.06.10"]
[EventType "swiss"]
[EventRounds "9"]
[EventCountry "ESP"]
[SourceTitle "CBM 214 Extra"]
[Source "ChessBase"]
[SourceDate "2023.07.31"]
[SourceVersion "1"]
[SourceVersionDate "2023.07.31"]
[SourceQuality "1"]

1. e4 c5 2. Nf3 g6 3. d4 cxd4 4. Nxd4 Nc6 5. Bc4 Bg7 6. Be3 Nf6 7. Nc3 0-0 8. Bb3 d6 9. f3 Bd7 10. Qd2 Nxd4 11. Bxd4 b5 12. 0-0 a5 13. a3 Qc7 14. Kh1 Bc6 15. Rfe1 Rfd8 16. Nd5 Bxd5 17. exd5 Re8 18. Rac1 Qb7 19. Bc3 a4 20. Ba2 Rac8 21. Re2 Qd7 22. Rce1 Kf8 23. Qd3 Kg8 24. Bb4 Nh5 25. g3 Bf6 26. c4 bxc4 27. Bxc4 Rf8 28. Kg2 Qa7 29. Bb5 Rc7 30. Qd1 Rfc8 31. Qxa4 Qd4 32. Bc6 Be5 33. Qd1 Qa7 34. Qd2 Rb8 35. Qd3 Ng7 36. g4 h5 37. h3 f5 38. Qd2 f4 39. Qd3 Kf7 40. Rxe5 dxe5 41. Rxe5 Rd8 42. Qe4 Qe3 43. Qxe3 fxe3 44. Ba5 Rxc6 45. dxc6 Rd2+ 46. Bxd2 exd2 1-0

[Event "Palma de Mallorca op"]
[Site "Palma de Mallorca"]
[Date "2021.11.26"]
[Round "5"]
[White "Kolb, Markus"]
[Black "Cerdo Fernandez, Miguel"]
[Result "1-0"]
[WhiteElo "1998"]
[BlackElo "1859"]
[PlyCount "69"]
[EventDate "2021.11.22"]
[EventType "swiss"]
[EventRounds "7"]
[EventCountry "ESP"]
[SourceTitle "CBM 205 Extra"]
[Source "ChessBase"]
[SourceDate "2022.01.31"]
[SourceVersion "1"]
[SourceVersionDate "2022.01.31"]
[SourceQuality "1"]

1. c4 Nf6 2. g3 g6 3. Bg2 Bg7 4. Nc3 0-0 5. Nf3 d6 6. d4 Nc6 7. 0-0 e5 8. d5 Ne7 9. h3 Ne8 10. e4 h6 11. Ne1 f5 12. Nd3 Nf6 13. f3 Nh5 14. Ne2 fxe4 15. fxe4 Bd7 16. g4 Nf6 17. Ng3 g5 18. Nf5 Ng6 19. Qc2 Nf4 20. Be3 b6 21. Rab1 a5 22. b3 Be8 23. a3 Qd7 24. Rfc1 Bg6 25. Nf2 Kh7 26. Bf3 Rfe8 27. b4 axb4 28. axb4 Ra3 29. Rb3 Rea8 30. Rcb1 Qa4 31. Bxf4 gxf4 32. Kg2 Ra2 33. R1b2 Ra1 34. Rb1 Ra2 35. R1b2 1-0

[Event "Palma de Mallorca op"]
[Site "Palma de Mallorca"]
[Date "2021.11.22"]
[Round "1"]
[White "Gretarsson, Helgi Ass"]
[Black "Cerdo Fernandez, Miguel"]
[Result "1-0"]
[WhiteElo "2476"]
[BlackElo "1859"]
[PlyCount "37"]
[EventDate "2021.11.22"]
[EventType "swiss"]
[EventRounds "7"]
[EventCountry "ESP"]
[SourceTitle "CBM 205 Extra"]
[Source "ChessBase"]
[SourceDate "2022.01.31"]
[SourceVersion "1"]
[SourceVersionDate "2022.01.31"]
[SourceQuality "1"]

1. d4 Nf6 2. c4 e6 3. Nc3 Bb4 4. Qc2 0-0 5. e4 d5 6. e5 Ne4 7. Bd3 c5 8. Nf3 cxd4 9. Nxd4 Nd7 10. Bf4 Ndc5 11. 0-0 Nxd3 12. Qxd3 Nxc3 13. bxc3 dxc4 14. Qg3 Re8 15. cxb4 Qxd4 16. Bh6 g6 17. Rfd1 Qe4 18. Qg5 f6 19. Qxf6 1-0

[Event "Mallorca-ch Veterans"]
[Site "Portals Nous"]
[Date "2021.03.26"]
[Round "1"]
[White "Trillo Figueroa Vidal, Antonio"]
[Black "Cerdo Fernandez, Miguel"]
[Result "0-1"]
[WhiteElo "1659"]
[BlackElo "1835"]
[PlyCount "66"]
[EventDate "2021.03.26"]
[EventType "swiss"]
[EventRounds "5"]
[EventCountry "ESP"]
[SourceTitle "EXT 2022"]
[Source "ChessBase"]
[SourceDate "2021.10.06"]
[SourceVersion "1"]
[SourceVersionDate "2021.10.06"]
[SourceQuality "1"]

1. e4 c5 2. Nf3 Nc6 3. d4 cxd4 4. Nxd4 Nf6 5. Nc3 e6 6. Nxc6 bxc6 7. Bd3 d5 8. exd5 exd5 9. 0-0 Be7 10. Bg5 0-0 11. h3 Be6 12. a3 Rb8 13. b3 Qc7 14. Bh4 Rbd8 15. Bg3 Qd7 16. Ne2 c5 17. Nf4 Bf5 18. Bxf5 Qxf5 19. f3 Bd6 20. Qd3 Qg5 21. Ne2 c4 22. Qd4 Bxg3 23. Nxg3 Qxg3 24. Qxa7 Rfe8 25. Rf2 Qd6 26. Qd4 Re6 27. b4 Rde8 28. c3 Re1+ 29. Rf1 Rxf1+ 30. Rxf1 Nh5 31. Rd1 Nf4 32. Qxc4 Nxh3+ 33. Kf1 Qh2 0-1

[Event "Mallorca-chT Preferente"]
[Site "Mallorca"]
[Date "2021.03.06"]
[Round "1"]
[White "Munoz Visiedo, Juan Carlos"]
[Black "Cerdo Fernandez, Miguel"]
[Result "1/2-1/2"]
[WhiteElo "2075"]
[BlackElo "1835"]
[PlyCount "82"]
[EventDate "2021.03.06"]
[EventType "team-swiss"]
[EventRounds "7"]
[EventCountry "ESP"]
[SourceTitle "EXT 2023"]
[Source "ChessBase"]
[SourceDate "2022.10.05"]
[SourceVersion "1"]
[SourceVersionDate "2022.10.05"]
[SourceQuality "1"]
[WhiteTeam "Sa Dragonera"]
[BlackTeam "Tropic"]
[WhiteTeamCountry "ESP"]
[BlackTeamCountry "ESP"]

1. Nf3 Nf6 2. c4 e6 3. Nc3 Bb4 4. a3 Bxc3 5. bxc3 0-0 6. d4 d6 7. e3 Qe7 8. a4 c5 9. Be2 Nc6 10. 0-0 e5 11. a5 Bf5 12. Nh4 Bd7 13. d5 Nd8 14. Nf3 Ne4 15. Qc2 f5 16. Bd3 Ng5 17. Nxg5 Qxg5 18. f4 Qf6 19. Bd2 e4 20. Be2 Nf7 21. Rfb1 Rab8 22. g3 g5 23. Rb2 gxf4 24. exf4 Nd8 25. Be3 Be8 26. Rc1 Qh6 27. Kg2 Bh5 28. Bxh5 Qxh5 29. Qe2 Qxe2+ 30. Rxe2 h5 31. Rb2 Kf7 32. h3 Rg8 33. Kf2 Kf6 34. Rg1 Rc8 35. Ke2 Rc7 36. Bf2 Rh7 37. Ke3 Ke7 38. a6 b6 39. Rgb1 Kf6 40. Ra1 Nf7 41. Rg1 Rb8 1/2-1/2

[Event "Calvia Amateur op 17th"]
[Site "Calvia"]
[Date "2020.10.18"]
[Round "9"]
[White "Simo Bordoy, Guillermo"]
[Black "Cerdo Fernandez, Miguel"]
[Result "1-0"]
[WhiteElo "1903"]
[BlackElo "1876"]
[PlyCount "99"]
[EventDate "2020.10.10"]
[EventType "swiss"]
[EventRounds "9"]
[EventCountry "ESP"]
[SourceTitle "CBM 198 Extra"]
[Source "ChessBase"]
[SourceDate "2020.11.30"]
[SourceVersion "1"]
[SourceVersionDate "2020.11.30"]
[SourceQuality "1"]

1. e4 c5 2. Ne2 Nc6 3. d4 cxd4 4. Nxd4 Nf6 5. Nc3 e6 6. Be3 Bb4 7. f3 0-0 8. a3 Bxc3+ 9. bxc3 d5 10. Nxc6 bxc6 11. e5 Nd7 12. f4 a5 13. Bd3 Ba6 14. 0-0 Bxd3 15. cxd3 Qc7 16. Qg4 f5 17. Qh4 Qd8 18. Qf2 Qe7 19. Qc2 Rfb8 20. a4 Qd8 21. Rfb1 Rxb1+ 22. Rxb1 Rb8 23. Rb3 Qc7 24. c4 Rxb3 25. Qxb3 Qb8 26. Qxb8+ Nxb8 27. Bb6 Nd7 28. c5 d4 29. Kf2 Kf7 30. Ke2 Ke7 31. Bc7 Ke8 32. Bd6 Kd8 33. Kd2 Kc8 34. Kc2 Kb7 35. Kb3 Kc8 36. Kc4 Kb7 37. Kxd4 Kc8 38. Ke3 Kb7 39. Kf3 Nb8 40. Bxb8 Kxb8 41. g4 fxg4+ 42. Kxg4 Kc7 43. f5 exf5+ 44. Kxf5 Kd7 45. e6+ Ke7 46. d4 g5 47. Ke5 g4 48. d5 cxd5 49. c6 Kd8 50. Kd6 1-0

[Event "Calvia Amateur op 17th"]
[Site "Calvia"]
[Date "2020.10.13"]
[Round "4"]
[White "Villar Reymundo, Juan Antonio"]
[Black "Cerdo Fernandez, Miguel"]
[Result "1-0"]
[WhiteElo "2157"]
[BlackElo "1876"]
[PlyCount "120"]
[EventDate "2020.10.10"]
[EventType "swiss"]
[EventRounds "9"]
[EventCountry "ESP"]
[SourceTitle "CBM 198 Extra"]
[Source "ChessBase"]
[SourceDate "2020.11.30"]
[SourceVersion "1"]
[SourceVersionDate "2020.11.30"]
[SourceQuality "1"]

1. d4 Nf6 2. c4 e6 3. Nc3 Bb4 4. Qc2 0-0 5. a3 Bxc3+ 6. Qxc3 d6 7. Bg5 Qe7 8. Nf3 Nc6 9. Nd2 Re8 10. e3 e5 11. d5 Nb8 12. Qc2 a5 13. b3 Nbd7 14. e4 Nf8 15. f3 Ng6 16. g3 h6 17. Be3 Bd7 18. Bg2 c6 19. Qd3 cxd5 20. cxd5 b5 21. 0-0 Rec8 22. Rfc1 Qd8 23. Qf1 Rxc1 24. Rxc1 Rc8 25. b4 a4 26. Nb1 Rxc1 27. Qxc1 Ne8 28. Bf1 Qb8 29. Nc3 Nc7 30. Bf2 Ne7 31. f4 f6 32. f5 Nc8 33. Qe3 Be8 34. g4 Bd7 35. h4 Kf7 36. g5 hxg5 37. hxg5 Ne8 38. Be2 Ke7 39. Kf1 Kd8 40. Ke1 Kc7 41. gxf6 gxf6 42. Qd3 Na7 43. Qh3 Nc8 44. Qh8 Qb7 45. Bh5 Kd8 46. Bxe8 Bxe8 47. Bh4 Qd7 48. Qxf6+ Kc7 49. Bf2 Qh7 50. Kd2 Qg8 51. Qh6 Qg2 52. Qe3 Qg7 53. Qf3 Qf6 54. Qe2 Qg5+ 55. Kc2 Qf4 56. Be3 Qh4 57. Qf2 Qxf2+ 58. Bxf2 Kd8 59. Kd2 Ke7 60. Be3 Kf6 1-0

[Event "Mallorca-chT Preferente"]
[Site "Palma de Mallorca"]
[Date "2020.02.29"]
[Round "5.2"]
[White "Cerdo Fernandez, Miguel"]
[Black "Brull Mayol, Cosme"]
[Result "1/2-1/2"]
[WhiteElo "1908"]
[BlackElo "2165"]
[PlyCount "46"]
[EventDate "2020.02.01"]
[EventType "team-tourn"]
[EventRounds "9"]
[EventCountry "ESP"]
[SourceTitle "CBM 195 Extra"]
[Source "ChessBase"]
[SourceDate "2020.05.31"]
[SourceVersion "1"]
[SourceVersionDate "2020.05.31"]
[SourceQuality "1"]
[WhiteTeam "Tropic"]
[BlackTeam "Son Dameto"]
[WhiteTeamCountry "ESP"]
[BlackTeamCountry "ESP"]

1. e4 e5 2. Nf3 Nc6 3. Bb5 a6 4. Ba4 Nf6 5. 0-0 Be7 6. Re1 b5 7. Bb3 0-0 8. d4 d6 9. c3 Bg4 10. Be3 exd4 11. cxd4 Na5 12. Bc2 c5 13. Nbd2 cxd4 14. Bxd4 Nc6 15. Be3 d5 16. exd5 Nxd5 17. Bxh7+ Kxh7 18. Qc2+ f5 19. Qxc6 Nb4 20. Qe6 Rf6 21. Qb3 Nd3 22. Red1 Rd6 23. h3 Bh5 1/2-1/2

[Event "Ship Zenith op 8th"]
[Site "Ship Zenith"]
[Date "2019.11.15"]
[Round "8.1"]
[White "Cerdo Fernandez, Miguel"]
[Black "Lozano Ruiz, David"]
[Result "1-0"]
[WhiteElo "1884"]
[BlackElo "1799"]
[PlyCount "79"]
[EventDate "2019.11.09"]
[EventType "swiss"]
[EventRounds "8"]
[EventCountry "ESP"]
[SourceTitle "EXT 2024"]
[Source "ChessBase"]
[SourceDate "2023.10.10"]
[SourceVersion "1"]
[SourceVersionDate "2023.10.10"]
[SourceQuality "1"]

1. e4 e6 2. d4 d5 3. Nc3 Nf6 4. e5 Nfd7 5. f4 c5 6. Nf3 Nc6 7. Be3 Qb6 8. Na4 Qc7 9. Nxc5 Nxd4 10. Nxd4 Nxc5 11. Be2 a6 12. 0-0 Na4 13. Rb1 b5 14. Bf3 g6 15. Qd2 Bb7 16. Kh1 Nc5 17. Rfd1 Ne4 18. Bxe4 dxe4 19. Qf2 Be7 20. Rd2 Bd5 21. Rbd1 h5 22. Ne2 Rb8 23. Nc3 Bc6 24. Bc5 e3 25. Bxe3 h4 26. h3 b4 27. Ne2 Kf8 28. Kh2 Kg7 29. Bc5 Bd5 30. Bxe7 Qxe7 31. Nd4 a5 32. f5 gxf5 33. Nxf5+ exf5 34. Rxd5 Qe6 35. Qf4 a4 36. Rd6 Qe7 37. Rd7 Qf8 38. Qg5+ Kh7 39. R1d6 b3 40. Rxf7+ 1-0

[Event "Ship Zenith op 8th"]
[Site "Ship Zenith"]
[Date "2019.11.13"]
[Round "5.3"]
[White "Castellon Baeza, Jose Felipe"]
[Black "Cerdo Fernandez, Miguel"]
[Result "0-1"]
[WhiteElo "1697"]
[BlackElo "1884"]
[PlyCount "62"]
[EventDate "2019.11.09"]
[EventType "swiss"]
[EventRounds "8"]
[EventCountry "ESP"]
[SourceTitle "EXT 2024"]
[Source "ChessBase"]
[SourceDate "2023.10.10"]
[SourceVersion "1"]
[SourceVersionDate "2023.10.10"]
[SourceQuality "1"]

1. c4 Nf6 2. g3 g6 3. Bg2 Bg7 4. Nf3 0-0 5. d4 d6 6. 0-0 Nc6 7. Nc3 e5 8. d5 Ne7 9. e4 Ne8 10. b4 f5 11. Bb2 Nf6 12. Nd2 f4 13. c5 g5 14. cxd6 cxd6 15. Qb3 Ng6 16. Rac1 Rf7 17. b5 b6 18. a4 h5 19. Na2 Nd7 20. Nb4 Nc5 21. Qd1 g4 22. f3 Qg5 23. fxg4 Bxg4 24. Nf3 Bxf3 25. Qxf3 Raf8 26. h4 Qxg3 27. Qxg3 fxg3 28. Rxf7 Rxf7 29. Bh3 Rf2 30. Ba3 Nxh4 31. Nc6 Nf3+ 0-1

[Event "Calvia Amateur op 16th"]
[Site "Calvia"]
[Date "2019.10.05"]
[Round "1"]
[White "Cerdo Fernandez, Miguel"]
[Black "Borovnica, Tihomir"]
[Result "1/2-1/2"]
[WhiteElo "1861"]
[BlackElo "2231"]
[PlyCount "110"]
[EventDate "2019.10.05"]
[EventType "swiss"]
[EventRounds "9"]
[EventCountry "ESP"]
[SourceTitle "CBM 192 Extra"]
[Source "Chessbase"]
[SourceDate "2019.11.06"]
[SourceVersion "1"]
[SourceVersionDate "2019.11.06"]
[SourceQuality "1"]

1. e4 e6 2. d4 d5 3. Nc3 Bb4 4. exd5 exd5 5. Bd3 Nf6 6. Nge2 Bg4 7. 0-0 c6 8. Bf4 0-0 9. a3 Be7 10. Qd2 Bh5 11. Rfe1 Bg6 12. Ng3 Bxd3 13. Qxd3 Re8 14. Re2 Bf8 15. Rae1 Rxe2 16. Qxe2 Nbd7 17. Nd1 Qb6 18. c3 g6 19. Qd2 Qb3 20. f3 Nb6 21. Re2 Re8 22. Rxe8 Nxe8 23. Ne3 Na4 24. Nd1 Nd6 25. Bxd6 Bxd6 26. Ne2 Qa2 27. Qc2 Nb6 28. Nc1 Qc4 29. Ne3 Qa4 30. Qxa4 Nxa4 31. Nd1 Nb6 32. Nd3 Nc4 33. Kf2 f6 34. h3 Kf7 35. Ne3 Ke6 36. Ke2 b5 37. g4 a5 38. f4 Kf7 39. Kf3 h5 40. Nxc4 dxc4 41. Nf2 hxg4+ 42. hxg4 Ke6 43. Nd1 c5 44. dxc5 Bxc5 45. Ne3 Bxe3 46. Kxe3 Kd5 47. Kf3 f5 48. gxf5 gxf5 49. Ke3 Kc5 50. Kd2 b4 51. axb4+ axb4 52. Ke3 bxc3 53. bxc3 Kd5 54. Kf3 Kc6 55. Ke2 Kd5 1/2-1/2

[Event "Campos Migjorn op"]
[Site "Campos"]
[Date "2019.09.28"]
[Round "8"]
[White "Queirolo Perez, Manuel"]
[Black "Cerdo Fernandez, Miguel"]
[Result "1/2-1/2"]
[WhiteElo "2157"]
[BlackElo "1840"]
[PlyCount "38"]
[EventDate "2019.09.06"]
[EventType "swiss"]
[EventRounds "8"]
[EventCountry "ESP"]
[SourceTitle "EXT 2020"]
[Source "ChessBase"]
[SourceDate "2019.10.17"]
[SourceVersion "1"]
[SourceVersionDate "2019.10.17"]
[SourceQuality "1"]

1. e4 c5 2. Nf3 Nc6 3. d4 cxd4 4. Nxd4 Nf6 5. Nxc6 bxc6 6. Bd3 e5 7. 0-0 Be7 8. c4 0-0 9. b3 d5 10. cxd5 cxd5 11. exd5 Nxd5 12. Be4 Bb7 13. Bb2 f6 14. Qh5 g6 15. Bxg6 hxg6 16. Qxg6+ Kh8 17. Qh6+ Kg8 18. Qg6+ Kh8 19. Qh6+ Kg8 1/2-1/2

[Event "Campos Migjorn op"]
[Site "Campos"]
[Date "2019.09.27"]
[Round "7"]
[White "Cerdo Fernandez, Miguel"]
[Black "Terradas Calafell, Jaume"]
[Result "1/2-1/2"]
[WhiteElo "1840"]
[BlackElo "1796"]
[PlyCount "70"]
[EventDate "2019.09.06"]
[EventType "swiss"]
[EventRounds "8"]
[EventCountry "ESP"]
[SourceTitle "EXT 2020"]
[Source "ChessBase"]
[SourceDate "2019.10.17"]
[SourceVersion "1"]
[SourceVersionDate "2019.10.17"]
[SourceQuality "1"]

1. e4 e6 2. d4 d5 3. Nc3 Nf6 4. e5 Nfd7 5. f4 c5 6. Nf3 Nc6 7. Be3 Qb6 8. Na4 Qc7 9. Nxc5 Nxd4 10. Nxd4 Nxc5 11. Be2 a6 12. 0-0 Na4 13. Rb1 b5 14. Qe1 Be7 15. Qg3 g6 16. c3 Bd7 17. Kh1 Nc5 18. Qe1 0-0 19. Rd1 Na4 20. Rb1 Rfb8 21. Bd2 a5 22. Qg3 b4 23. Rfc1 Qb6 24. Nf3 bxc3 25. Bxc3 Nxc3 26. Rxc3 Bb4 27. Rcc1 Rc8 28. h4 Qe3 29. Rxc8+ Rxc8 30. Ba6 Rc1+ 31. Rxc1 Qxc1+ 32. Kh2 Qxb2 33. Qg5 Ba4 34. Qf6 Qf2 35. Kh3 Be1 1/2-1/2

[Event "Campos Migjorn op"]
[Site "Campos"]
[Date "2019.09.07"]
[Round "2"]
[White "Cerdo Fernandez, Miguel"]
[Black "Sureda Gonzalez, Miquel"]
[Result "1-0"]
[WhiteElo "1840"]
[BlackElo "1640"]
[PlyCount "71"]
[EventDate "2019.09.06"]
[EventType "swiss"]
[EventRounds "8"]
[EventCountry "ESP"]
[SourceTitle "EXT 2020"]
[Source "ChessBase"]
[SourceDate "2019.10.17"]
[SourceVersion "1"]
[SourceVersionDate "2019.10.17"]
[SourceQuality "1"]

1. e4 c5 2. Nf3 Nc6 3. d4 cxd4 4. Nxd4 e5 5. Nb5 a6 6. Nd6+ Bxd6 7. Qxd6 Qf6 8. Qd1 Qg6 9. Nc3 Nf6 10. Qd6 Ng4 11. Qxg6 hxg6 12. Nd5 0-0 13. h3 Nf6 14. Nb6 Rb8 15. Bd3 d6 16. Bd2 Be6 17. 0-0 d5 18. exd5 Nxd5 19. Nxd5 Bxd5 20. Rfd1 e4 21. Be2 f5 22. Bf4 Rbd8 23. Rxd5 Rxd5 24. Bc4 Nb4 25. a3 b5 26. Bb3 Kh7 27. axb4 Rd7 28. Rxa6 g5 29. Bxg5 f4 30. c3 Rf5 31. h4 Rd2 32. Be6 Re5 33. Bxf4 Rd1+ 34. Kh2 Rh5 35. Bg5 Rf1 36. Kg3 1-0

[Event "Port de Pollensa op"]
[Site "Port de Pollenca"]
[Date "2019.03.23"]
[Round "6"]
[White "Thiel, Thomas"]
[Black "Cerdo Fernandez, Miguel"]
[Result "1-0"]
[WhiteElo "2273"]
[BlackElo "1853"]
[PlyCount "104"]
[EventDate "2019.03.18"]
[EventType "swiss"]
[EventRounds "7"]
[EventCountry "ESP"]
[SourceTitle "CBM 189 Extra"]
[Source "ChessBase"]
[SourceDate "2019.06.03"]
[SourceVersion "1"]
[SourceVersionDate "2019.06.03"]
[SourceQuality "1"]

1. e4 c5 2. Nf3 Nc6 3. d4 cxd4 4. Nxd4 Nf6 5. Nc3 e6 6. Ndb5 Bb4 7. a3 Bxc3+ 8. Nxc3 d5 9. exd5 exd5 10. Bd3 0-0 11. 0-0 d4 12. Ne2 Bg4 13. f3 Bh5 14. Bg5 Qd6 15. Qd2 Bg6 16. Rad1 Rad8 17. Ng3 Ne7 18. Rfe1 h6 19. Bf4 Qd7 20. Be5 Ne8 21. Bxg6 Nxg6 22. Bxd4 Qc6 23. Qc3 Qxc3 24. Bxc3 Nc7 25. Nf5 Ne6 26. Nd6 Rd7 27. Nb5 Rxd1 28. Rxd1 a6 29. Nd6 Rd8 30. g3 Ne7 31. Rd2 b5 32. Kf2 Nc6 33. Ke3 g6 34. Bf6 Rd7 35. Ne4 Rxd2 36. Nxd2 Kf8 37. Ne4 Na5 38. Nd6 Nc7 39. Ke4 Ne8 40. Nxe8 Kxe8 41. Kd5 Kd7 42. Kc5 Nc4 43. a4 Ke6 44. axb5 axb5 45. Bd4 Nd6 46. Kc6 h5 47. b3 g5 48. Bc5 Nf5 49. Kxb5 h4 50. Bf2 h3 51. g4 Nd6+ 52. Kc6 f5 1-0

[Event "Mallorca-ch B"]
[Site "Palma de Mallorca"]
[Date "2018.11.18"]
[Round "4.2"]
[White "Moreno Garcia, Alfonso"]
[Black "Cerdo Fernandez, Miguel"]
[Result "0-1"]
[WhiteElo "1940"]
[BlackElo "1782"]
[PlyCount "48"]
[EventDate "2018.11.10"]
[EventType "swiss"]
[EventRounds "6"]
[EventCountry "ESP"]
[SourceTitle "EXT 2024"]
[Source "ChessBase"]
[SourceDate "2023.10.10"]
[SourceVersion "1"]
[SourceVersionDate "2023.10.10"]
[SourceQuality "1"]

1. e4 c5 2. Nf3 Nc6 3. d4 cxd4 4. Nxd4 Nf6 5. Nc3 e6 6. Be3 Bb4 7. Nxc6 bxc6 8. Bd3 d5 9. exd5 cxd5 10. 0-0 0-0 11. Bd2 Bd6 12. h3 Bd7 13. Bg5 Rb8 14. b3 Be5 15. Bd2 Qc7 16. Ne2 Bxa1 17. Qxa1 e5 18. c3 Bb5 19. Bxb5 Rxb5 20. f3 a5 21. Bg5 Nd7 22. Rd1 f6 23. Bh4 Qc6 24. Bf2 Ra8 0-1

[Event "Mallorca-ch B"]
[Site "Palma de Mallorca"]
[Date "2018.11.17"]
[Round "3.3"]
[White "Cerdo Fernandez, Miguel"]
[Black "Baldo Company, Jordi"]
[Result "1-0"]
[WhiteElo "1782"]
[BlackElo "1721"]
[PlyCount "72"]
[EventDate "2018.11.10"]
[EventType "swiss"]
[EventRounds "6"]
[EventCountry "ESP"]
[SourceTitle "EXT 2024"]
[Source "ChessBase"]
[SourceDate "2023.10.10"]
[SourceVersion "1"]
[SourceVersionDate "2023.10.10"]
[SourceQuality "1"]

1. e4 c5 2. Nf3 d6 3. d4 cxd4 4. Nxd4 Nf6 5. Nc3 g6 6. Be2 Bg7 7. 0-0 Nc6 8. Nb3 0-0 9. f4 Be6 10. Be3 Na5 11. Nxa5 Qxa5 12. Kh1 Qb4 13. Qd2 Nxe4 14. Nxe4 Qxe4 15. Bf3 Qc4 16. c3 Qc7 17. Rae1 Qd7 18. a3 a6 19. Be4 Bf5 20. Bd5 Be6 21. Be4 Bf5 22. Bd5 Rac8 23. g3 b5 24. Bd4 e6 25. Bxg7 Kxg7 26. Bf3 h5 27. Rd1 d5 28. Qd4+ Kg8 29. g4 Rc4 30. Qd2 hxg4 31. Bg2 d4 32. Rg1 Rd8 33. Qf2 d3 34. Rgf1 Be4 35. Bxe4 Rxe4 36. Qh4 Re2 1-0

[Event "Calvia Amateur op 15th"]
[Site "Calvia"]
[Date "2018.10.12"]
[Round "7"]
[White "Rossello Sanchez, Bartolome"]
[Black "Cerdo Fernandez, Miguel"]
[Result "0-1"]
[WhiteElo "1616"]
[BlackElo "1818"]
[PlyCount "78"]
[EventDate "2018.10.06"]
[EventType "swiss"]
[EventRounds "9"]
[EventCountry "ESP"]
[SourceTitle "CBM 186 Extra"]
[Source "ChessBase"]
[SourceDate "2018.08.24"]
[SourceVersion "1"]
[SourceVersionDate "2018.08.24"]
[SourceQuality "1"]

1. f4 d5 2. Nf3 Nf6 3. b3 e6 4. Bb2 Be7 5. e3 0-0 6. Be2 b6 7. Ne5 Bb7 8. Bf3 Nc6 9. 0-0 Nd7 10. Qe2 Bf6 11. Nxc6 Bxc6 12. d4 Bb7 13. Bg4 a5 14. Rf3 Ba6 15. Qd1 Nc5 16. Rh3 Ne4 17. Bf3 Nd6 18. Be2 c5 19. Bd3 Bxd3 20. Qxd3 g6 21. Nd2 Rc8 22. Ba3 Re8 23. Rc1 c4 24. Qf1 Nb5 25. Bb2 c3 26. Qxb5 cxb2 27. Rd1 Rxc2 28. Qd3 Qc7 29. Nc4 Rxc4 30. bxc4 Qxc4 31. Qb1 Qb4 32. Rf3 a4 33. a3 Qxa3 34. e4 Qb4 35. e5 Be7 36. Qc2 a3 37. Rb3 Qa5 38. Qc6 Rd8 39. Rxb6 a2 0-1

[Event "Calvia Amateur op 15th"]
[Site "Calvia"]
[Date "2018.10.07"]
[Round "2"]
[White "Cerdo Fernandez, Miguel"]
[Black "Delgado Espino, Victor Armando"]
[Result "0-1"]
[WhiteElo "1818"]
[BlackElo "2018"]
[PlyCount "80"]
[EventDate "2018.10.06"]
[EventType "swiss"]
[EventRounds "9"]
[EventCountry "ESP"]
[SourceTitle "CBM 186 Extra"]
[Source "ChessBase"]
[SourceDate "2018.08.24"]
[SourceVersion "1"]
[SourceVersionDate "2018.08.24"]
[SourceQuality "1"]

1. e4 e5 2. Nf3 Nc6 3. Bb5 a6 4. Ba4 Bc5 5. 0-0 b5 6. Bb3 Nf6 7. c3 d6 8. d4 Bb6 9. Bg5 h6 10. Bh4 Qe7 11. d5 Na5 12. Bc2 Bg4 13. b3 g5 14. Bg3 h5 15. h3 h4 16. Bh2 Bh5 17. Qd3 Rg8 18. Kh1 Bxf3 19. Qxf3 g4 20. hxg4 Nxg4 21. Nd2 Qg5 22. Rad1 Rg6 23. Qf5 Qxf5 24. exf5 Rg7 25. Bg1 0-0-0 26. Rde1 h3 27. g3 h2 28. Bxh2 Rh8 29. Nf3 Nxh2 30. Nxh2 Rgh7 31. Kg2 Rxh2+ 32. Kf3 c6 33. b4 Nc4 34. Rd1 cxd5 35. Rxd5 Kc7 36. a4 Kc6 37. Be4 Kc7 38. axb5 axb5 39. Ke2 Ne3 40. Rxb5 Nxf1 0-1

[Event "Calvia Amateur op 14th"]
[Site "Calvia"]
[Date "2017.10.10"]
[Round "4"]
[White "Cerdo Fernandez, Miguel"]
[Black "Tscharotschkin, Michael"]
[Result "0-1"]
[WhiteElo "1894"]
[BlackElo "2140"]
[PlyCount "46"]
[EventDate "2017.10.07"]
[EventType "swiss"]
[EventRounds "9"]
[EventCountry "ESP"]
[SourceTitle "CBM 181 Extra"]
[Source "ChessBase"]
[SourceDate "2017.12.12"]
[SourceVersion "1"]
[SourceVersionDate "2017.12.12"]
[SourceQuality "1"]

1. e4 e6 2. d4 d5 3. Nc3 Bb4 4. e5 c5 5. a3 Bxc3+ 6. bxc3 Qc7 7. Qg4 Ne7 8. Qxg7 Rg8 9. Qxh7 cxd4 10. Ne2 Nbc6 11. f4 Bd7 12. Qd3 dxc3 13. Nxc3 0-0-0 14. g3 Nf5 15. Bg2 Ncd4 16. 0-0 Qc5 17. Kh1 Nxg3+ 18. hxg3 Rh8+ 19. Bh3 Rxh3+ 20. Kg2 Rdh8 21. Be3 Rh2+ 22. Kg1 Nf3+ 23. Rxf3 Rh1+ 0-1

[Event "Balears-ch Seniors 50"]
[Site "Palma de Mallorca"]
[Date "2017.09.02"]
[Round "2"]
[White "Serra Olives, Tomas"]
[Black "Cerdo Fernandez, Miguel"]
[Result "1-0"]
[WhiteElo "2142"]
[BlackElo "1905"]
[PlyCount "51"]
[EventDate "2017.09.01"]
[EventType "swiss"]
[EventRounds "5"]
[EventCountry "ESP"]
[SourceTitle "CBM 180 Extra"]
[Source "ChessBase"]
[SourceDate "2017.10.06"]
[SourceVersion "1"]
[SourceVersionDate "2017.10.06"]
[SourceQuality "1"]

1. e4 c5 2. Nf3 Nc6 3. d4 cxd4 4. Nxd4 Nf6 5. Nc3 e6 6. Ndb5 Bb4 7. a3 Bxc3+ 8. Nxc3 0-0 9. Be2 d5 10. exd5 exd5 11. 0-0 d4 12. Nb1 Bf5 13. Nd2 d3 14. cxd3 Bxd3 15. Nf3 Bxe2 16. Qxe2 Re8 17. Qb5 Qd7 18. Be3 Rad8 19. h3 a6 20. Qb3 b5 21. Rac1 Rc8 22. Rfd1 Qf5 23. Rc5 Na5 24. Qxb5 Qxf3 25. Qxe8+ Rxe8 26. gxf3 1-0